Normal view
MARC view
- M.Umer Zubair
Entry Personal Name
001 - CONTROL NUMBER
- control field: 26234
003 - CONTROL NUMBER IDENTIFIER
- control field: NUST
005 - DATE AND TIME OF LATEST TRANSACTION
- control field: 20191126154711.0
008 - FIXED-LENGTH DATA ELEMENTS
- fixed length control field: 191126|| aca||aabn | a|a d
040 ## - CATALOGING SOURCE
- Original cataloging agency: NUST
- Transcribing agency: NUST
100 ## - HEADING--PERSONAL NAME
- Personal name: M.Umer Zubair
670 ## - SOURCE DATA FOUND
- Source citation: Work cat.: (NUST): M.Umer Zubair, Construction Safety Plan:, c2014
